| 000 | 00000nam##2200000za#4500 |
| 001 | 9.574953 |
| 003 | CaOODSP |
| 005 | 20210624184431 |
| 007 | cr ||||||||||| |
| 008 | 150406|2003||||xxc|||||o f|0| 0 eng|d |
| 022 | |a1488-5379 |
| 040 | |aCaOODSP|beng |
| 043 | |an-cn--- |
| 086 | 1 |aFs97-6/2460E-PDF |
| 110 | 1 |aCanada. |bDepartment of Fisheries and Oceans. |
| 245 | 10|aInvestigations with triploid Atlantic sea scallops, Placopecten magellanicus, at the Bedford Institute of Oceanography, 2000-2003 / |h[electronic resource]|cby D.L. Jackson ... [et al.] |
| 260 | |aDartmouth - Nova Scotia : |bFisheries and Oceans Canada |cc2003. |
| 300 | |a55p.|bfigs., references, tables |
| 490 | 1 |aCanadian technical report of fisheries and aquatic sciences|x1488-5379|vNo. 2460 |
| 500 | |aThe catalogue number and ISSN for the print edition appear in this electronic version. |
| 590 | |a12-37-Supp|b2012-09-24 |
| 720 | 1 |aJackson, D. L. |
| 830 | #0|aCanadian technical report of fisheries and aquatic sciences,|x1488-5379|vNo. 2460|w(CaOODSP)9.504449 |
| 856 | 40|ahttp://publications.gc.ca|qPDF|s2630 KB|uhttps://publications.gc.ca/collections/collection_2012/mpo-dfo/Fs97-6-2460-eng.pdf|yNo. 2460 |